Tímová práca vo virtuálnych tímoch a zamestnanec v hybridnom prostredí

Gespeichert in:
Bibliographische Detailangaben
1. Verfasser: Procházková, Katarína, 1983-
Format: Buchkapitel
Sprache:Slowakisch
Englisch
Schlagworte:
Tags: Tag hinzufügen
Keine Tags, Fügen Sie das erste Tag hinzu!

MARC

LEADER 00000naa$a2200000$$$4500
001 0297757
005 20250923124156.5
041 0 |a slo 
041 0 |a eng 
044 |a SK 
245 1 0 |a Tímová práca vo virtuálnych tímoch a zamestnanec v hybridnom prostredí  |c Katarína Procházková 
500 |a Abstrakt 
610 2 0 |a prostredie pracovné 
610 2 0 |a režim pracovný hybridný 
610 2 0 |a práca z domu 
610 2 0 |a práca flexibilná 
610 2 0 |a tímy pracovné 
610 2 0 |a práca tímová 
610 2 0 |a zamestnanci 
610 2 0 |a pandémia 
610 2 0 |a koronavírus 
100 1 |a Procházková, Katarína, 1983-